Sewing circle minstrels; (Record no. 18110)

MARC details
000 -LEADER
fixed length control field 00602cam a22002171 4500
001 - CONTROL NUMBER
control field ca 36000618
003 - CONTROL NUMBER IDENTIFIER
control field DLC
005 - DATE AND TIME OF LATEST TRANSACTION
control field 20260227111141.0
008 - FIXED-LENGTH DATA ELEMENTS--GENERAL INFORMATION
fixed length control field 790723s1935 mau 000 0 eng
010 ## - LIBRARY OF CONGRESS CONTROL NUMBER
LC control number ca 36000618
035 ## - SYSTEM CONTROL NUMBER
System control number (OCoLC)5200522
040 ## - CATALOGING SOURCE
Original cataloging agency DLC
Transcribing agency OCl
Modifying agency DLC
042 ## - AUTHENTICATION CODE
Authentication code premarc
050 00 - LIBRARY OF CONGRESS CALL NUMBER
Classification number PN4305.N6
Item number K427
082 ## - DEWEY DECIMAL CLASSIFICATION NUMBER
Classification number 791.1
100 1# - MAIN ENTRY--PERSONAL NAME
Personal name Kaser, Arthur LeRoy,
Dates associated with a name 1890-
245 10 - TITLE STATEMENT
Title Sewing circle minstrels;
Remainder of title a first-part for ladies,
Statement of responsibility, etc. by Roy Lee [pseud.]
260 ## - PUBLICATION, DISTRIBUTION, ETC.
Place of publication, distribution, etc. Boston,
Name of publisher, distributor, etc. Walter H. Baker company
Date of publication, distribution, etc. [c1935]
300 ## - PHYSICAL DESCRIPTION
Extent 23 p.
Dimensions 19 cm.
490 0# - SERIES STATEMENT
Series statement Baker's specialties

No items available.

Powered by Koha